000 00254nam a2200097Ia 4500
001 1046911
005 20250826232226.0
008 250824s9999 xx 000 0 und d
245 0 _aSADRUD DİNİ KONEVİ
_cMİKAİL BAYRAM
260 _bHİKMETEVİ YAYINLARI
999 _c1046911
_d1046911